| 000 | 00432nam a22001457a 4500 | ||
|---|---|---|---|
| 003 | OSt | ||
| 005 | 20170105102929.0 | ||
| 008 | 131217b xxu||||| |||| 00| 0 eng d | ||
| 020 | _a96962962004 | ||
| 040 | _a1 | ||
| 082 |
_a370.95491 _bEDU 2005 |
||
| 245 |
_aEducational Guide of Pakistan 2005 _bA Guide to 7348 Educational, Training & Research Institutions of Pakistan |
||
| 260 |
_aLahore _bIbrahim Publishers _c2005 |
||
| 942 |
_2ddc _cBK |
||
| 999 |
_c15953 _d15953 |
||